Medicina y ciencias del deporte y la actividad física. Tomo 1 (Registro nro. 7326)
[ vista simple ]
| 000 -Cabecera | |
|---|---|
| Campo de control de longitud fija | 00875nam a22003377a 4500 |
| 005 - Fecha y hora de la última transacción | |
| Campo de control | 20240718183343.0 |
| 008 - Elementos de longitud fija--Información general | |
| Campo de control de longitud fija | 160113b xxu||||| |||| 00| | spa d |
| 020 ## - International Standard Book Number | |
| Número Internacional Estándar del Libro (ISBN) | 9788415142140 |
| 041 ## - Idioma | |
| Código de idioma | Español |
| 082 ## - Clasificación Decimal Dewey | |
| Número de clasificación | 796.07 P188m |
| 100 ## - Entrada principal--Autor personal | |
| Nombre personal | Pancorbo Sandoval, Armando E. |
| 245 ## - Título propiamente dicho | |
| Título | Medicina y ciencias del deporte y la actividad física. Tomo 1 |
| 260 ## - Pie de imprenta | |
| Lugar de publicación, distribución, etc. | España |
| 260 ## - Pie de imprenta | |
| Nombre del editor, distribuidor, etc. | Editorial Océano |
| 260 ## - Pie de imprenta | |
| Fecha de publicación, distribución, etc. | 2014 |
| 300 ## - Descripción física | |
| Extensión | 288 páginas |
| 505 ## - Nota de contenido | |
| Nota de contenido | Contiene disco compacto N 707 |
| 650 ## - Materia general | |
| Temática (materia general) | EDUCACIÓN FÍSICA |
| 650 ## - Materia general | |
| Temática (materia general) | FISIOLOGÍA |
| 650 ## - Materia general | |
| Temática (materia general) | VIDA SALUDABLE |
| 650 ## - Materia general | |
| Temática (materia general) | ADULTO MAYOR |
| 650 ## - Materia general | |
| Temática (materia general) | DEPORTE DE COMPETICIÓN |
| 650 ## - Materia general | |
| Temática (materia general) | NUTRICIÓN |
| 650 ## - Materia general | |
| Temática (materia general) | ALTO RENDIMIENTO |
| 650 ## - Materia general | |
| Temática (materia general) | FATIGA |
| 650 ## - Materia general | |
| Temática (materia general) | MEDICINA DEL DEPORTE |
| 650 ## - Materia general | |
| Temática (materia general) | ENTRENAMIENTO |
| 650 ## - Materia general | |
| Temática (materia general) | DOPAJE |
| 942 ## - Punto de acceso adicional KOHA | |
| Tipo de ítem KOHA | Libro |
| Fuente del sistema de clasificación o colocación | Dewey Decimal Classification |
| Signatura completa | Código de barras | Programa Académico | Tipo de ítem |
|---|---|---|---|
| 796.07 P188m | 19980 | Dirección de Educación Comunitaria y Asistencia Técnica | Libro |
| 707 DC | 707DC | Dirección de Educación Comunitaria y Asistencia Técnica | Disco Compacto |